Faculty of Law Library — Cairo University

Official Online Catalog

Die Grosse Politik der Europäischen Kabinette 1871 - 1914 : (Record no. 69356)

MARC details
000 -LEADER
fixed length control field 01367nam a2200361 i 4500
003 - CONTROL NUMBER IDENTIFIER
control field EG-GICUC
005 - DATE AND TIME OF LATEST TRANSACTION
control field 20260406193833.0
008 - FIXED-LENGTH DATA ELEMENTS--GENERAL INFORMATION
fixed length control field 260406s1927 gw ||||fri||| 00| 0 ger d
040 ## - CATALOGING SOURCE
Original cataloging agency EG-GiCUC
Language of cataloging ger
Transcribing agency EG-GiCUC
Modifying agency EG-GiCUC
Description conventions rda
041 ## - LANGUAGE CODE
Language code of text/sound track or separate title ger
082 04 - DEWEY DECIMAL CLASSIFICATION NUMBER
Edition number 21
Classification number 341.3
Item number AU.D
092 04 - LOCALLY ASSIGNED DEWEY CALL NUMBER (OCLC)
Edition number 21
099 ## - LOCAL FREE-TEXT CALL NUMBER (OCLC)
Classification number Law1 11 341.3 AU.D 1927
110 ## - MAIN ENTRY--CORPORATE NAME
Form subheading Auswärtiges Amt
Relator term Author.
245 ## - TITLE STATEMENT
Title Die Grosse Politik der Europäischen Kabinette 1871 - 1914 :
Remainder of title Sammlung der diplomatischen Akten des Auswärtigen Amtes .
Number of part/section of a work 40 Band ,
Name of part/section of a work Namenregister zu Band XXVI bis XXXIX /
Statement of responsibility, etc. Auswärtiges Amt .
264 ## - PRODUCTION, PUBLICATION, DISTRIBUTION, MANUFACTURE, AND COPYRIGHT NOTICE
Place of production, publication, distribution, manufacture Berlin :
Name of producer, publisher, distributor, manufacturer Deutsche Verlagsgesellschaft für Politik und Geschichte ,
Date of production, publication, distribution, manufacture, or copyright notice 1927 .
300 ## - PHYSICAL DESCRIPTION
Extent 176 pages ,
Dimensions 24 cm
Other physical details illustrations,
336 ## - CONTENT TYPE
Source rda content
Content type term text
337 ## - MEDIA TYPE
Source rda media
Media type term Computer
338 ## - CARRIER TYPE
Source rda carrier
Carrier type term Online Resource
490 ## - SERIES STATEMENT
Series statement Die Grosse Politik der Europäischen Kabinette
504 ## - BIBLIOGRAPHY, ETC. NOTE
Bibliography, etc. note Bibliography: pages 200-250.
546 ## - LANGUAGE NOTE
Language note Text in German
650 1# - SUBJECT ADDED ENTRY--TOPICAL TERM
Topical term or geographic name entry element Internationales Recht
Geographic subdivision Deutschland
Source of heading or term qrmak
650 1# - SUBJECT ADDED ENTRY--TOPICAL TERM
Topical term or geographic name entry element Internationale Beziehungen
Source of heading or term qrmak
651 1# - SUBJECT ADDED ENTRY--GEOGRAPHIC NAME
Source of heading or term qrmak
700 1# - ADDED ENTRY--PERSONAL NAME
Personal name Johannes Lepsius
Relator term editor.
700 1# - ADDED ENTRY--PERSONAL NAME
Personal name Albrecht Mendelssohn Bartholdy
Relator term editor.
700 1# - ADDED ENTRY--PERSONAL NAME
Personal name Friedrich Thimme
Relator term editor.
856 40 - ELECTRONIC LOCATION AND ACCESS
Uniform Resource Identifier <a href="https://fll.law.cu.edu.eg/fulltext/bks/B11-08135.pdf">https://fll.law.cu.edu.eg/fulltext/bks/B11-08135.pdf</a>
905 ## - Cataloger and Reviser Names
Cataloger Name: Hager Sameh
942 ## - ADDED ENTRY ELEMENTS (KOHA)
Source of classification or shelving scheme Dewey Decimal Classification
Koha item type Books
Edition 21
Suppress in OPAC No
Holdings
Withdrawn status Lost status Source of classification or shelving scheme Damaged status Not for loan Collection Home library Current library Date acquired Total checkouts Full call number Barcode Date last seen Copy number Price effective from Koha item type
    Dewey Decimal Classification   Not for loan القانون الدولي العام جــــامعة القــاهرة مكتبة كلية الحقوق - المبنى الرئيسي 06.04.2026   Law1 11 341.3 AU.D 1927 1108135 V40 , C1 B11-08135 06.04.2026 1 06.04.2026 Books

© All rights reserved — Faculty of Law, Cairo University